000 00492nam a2200181Ia 4500
008 240925s9999 xx 000 0 und d
020 _a9780199064380
082 _a954.91053 LOD
100 _aNot - Available
245 0 _aPakistan Beyond the Crisis State
250 _aNA
260 _aKarachi:
_bOxford University Press
_c,2011.
300 _axxiv, 852p.
_b0
_fOriginal
500 _aIncludes Index
600 _aEngineering Technology
650 _aHistory & geography
942 _cBK
999 _c13699
_d13699